<?xml version="1.0" encoding="UTF-8"?>
<record
    xmlns:xsi="http://www.w3.org/2001/XMLSchema-instance"
    xsi:schemaLocation="http://www.loc.gov/MARC21/slim http://www.loc.gov/standards/marcxml/schema/MARC21slim.xsd"
    xmlns="http://www.loc.gov/MARC21/slim">

  <leader>00772nam a22001817a 4500</leader>
  <controlfield tag="005">20220321114053.0</controlfield>
  <controlfield tag="008">220321b           ||||| |||| 00| 0 eng d</controlfield>
  <datafield tag="040" ind1=" " ind2=" ">
    <subfield code="c">AL</subfield>
  </datafield>
  <datafield tag="041" ind1=" " ind2=" ">
    <subfield code="a">Kannada</subfield>
  </datafield>
  <datafield tag="082" ind1=" " ind2=" ">
    <subfield code="2">23</subfield>
    <subfield code="a">K894.3</subfield>
    <subfield code="b">KRIK</subfield>
  </datafield>
  <datafield tag="100" ind1=" " ind2=" ">
    <subfield code="a">Krishnamurthy Hanuru &#xC95;&#xCC3;&#xCB7;&#xCCD;&#xCA3;&#xCAE;&#xCC2;&#xCB0;&#xCCD;&#xCA4;&#xCBF; &#xCB9;&#xCA8;&#xCC2;&#xCB0;&#xCC1; </subfield>
    <subfield code="9">24390</subfield>
  </datafield>
  <datafield tag="245" ind1=" " ind2=" ">
    <subfield code="a">Kaalu Daariya Kathanagalu:Janapada -Jeevana-Kathana   &#xC95;&#xCBE;&#xCB2;&#xCC1; &#xCA6;&#xCBE;&#xCB0;&#xCBF;&#xCAF; &#xC95;&#xCA5;&#xCA8;&#xC97;&#xCB3;&#xCC1;: &#xC9C;&#xCBE;&#xCA8;&#xCAA;&#xCA6; -&#xC9C;&#xCC0;&#xCB5;&#xCA8; -&#xC95;&#xCA5;&#xCA8; </subfield>
  </datafield>
  <datafield tag="260" ind1=" " ind2=" ">
    <subfield code="a">Dharwad &#xCA7;&#xCBE;&#xCB0;&#xCB5;&#xCBE;&#xCA1; </subfield>
    <subfield code="b">Manohara Grantha Mala &#xCAE;&#xCA8;&#xCCB;&#xCB9;&#xCB0; &#xC97;&#xCCD;&#xCB0;&#xC82;&#xCA5; &#xCAE;&#xCBE;&#xCB2;&#xCBE; </subfield>
    <subfield code="c">2017</subfield>
  </datafield>
  <datafield tag="300" ind1=" " ind2=" ">
    <subfield code="a">viii,270 p.</subfield>
    <subfield code="b">PB</subfield>
    <subfield code="c">21x13 cm.</subfield>
  </datafield>
  <datafield tag="365" ind1=" " ind2=" ">
    <subfield code="a">BLCR-000132</subfield>
    <subfield code="b">&#x20B9;208.00</subfield>
    <subfield code="c">&#x20B9;</subfield>
    <subfield code="d">&#x20B9;260.00</subfield>
    <subfield code="e">20%</subfield>
    <subfield code="f">11-03-2022</subfield>
  </datafield>
  <datafield tag="700" ind1=" " ind2=" ">
    <subfield code="a">KRISHNAMURTHIHANURU</subfield>
    <subfield code="9">24391</subfield>
  </datafield>
  <datafield tag="942" ind1=" " ind2=" ">
    <subfield code="2">ddc</subfield>
    <subfield code="c">BK</subfield>
  </datafield>
  <datafield tag="999" ind1=" " ind2=" ">
    <subfield code="c">221967</subfield>
    <subfield code="d">221967</subfield>
  </datafield>
  <datafield tag="952" ind1=" " ind2=" ">
    <subfield code="0">0</subfield>
    <subfield code="1">0</subfield>
    <subfield code="2">ddc</subfield>
    <subfield code="4">0</subfield>
    <subfield code="7">0</subfield>
    <subfield code="8">OTH</subfield>
    <subfield code="a">AL</subfield>
    <subfield code="b">AL</subfield>
    <subfield code="d">2022-03-02</subfield>
    <subfield code="e">NavaKarnataka Publications Pvt.Ltd</subfield>
    <subfield code="g">208.00</subfield>
    <subfield code="l">0</subfield>
    <subfield code="o">K894.3 KRIK</subfield>
    <subfield code="p">075678</subfield>
    <subfield code="r">2022-03-21 00:00:00</subfield>
    <subfield code="v">260.00</subfield>
    <subfield code="w">2022-03-21</subfield>
    <subfield code="y">BK</subfield>
  </datafield>
</record>
